| 000 | 00604nam a2200193 a 4500 | ||
|---|---|---|---|
| 001 | 000036281 | ||
| 005 | 20200930075639.0 | ||
| 008 | 120112s1992 mx 000 0 spa d | ||
| 020 | _a9684442696 | ||
| 040 |
_aDO-SdBNP _bspa _cBNPHU |
||
| 100 | 1 |
_aEiteman, David K _962399 |
|
| 245 | 1 | 4 |
_aLas finanzas de las empresas multinacionales / _cDavid K. Eiteman, Arthur I. Stonehill ; Cheol S. Eun. |
| 250 | _a5a. ed. | ||
| 260 |
_aMéxico : _bAddison-Wesley Iberoamericana, _c1992. |
||
| 300 |
_a722 p. ; _c23 cm. |
||
| 504 | _aBibliografĂa | ||
| 700 | 1 |
_aI., Arthru _962400 |
|
| 700 | 1 |
_aEun, Cheol S. _962401 |
|
| 999 |
_c35772 _d35772 |
||